|
|
|
|
| LEADER |
00000nam0a2200000 4500 |
| 001 |
376816 |
| 005 |
20250204111152.0 |
| 035 |
|
|
|a (RuTPU)RU\TPU\retro\34258
|
| 035 |
|
|
|a RU\TPU\retro\34257
|
| 090 |
|
|
|a 376816
|
| 100 |
|
|
|a 20230117d1904 k y0engy50 ba
|
| 101 |
0 |
|
|a eng
|
| 102 |
|
|
|a US
|
| 105 |
|
|
|a a z 001zy
|
| 200 |
1 |
|
|a A treatise on metamorphism
|f Ch. R. Van Hise
|g Department of the Interior
|
| 210 |
|
|
|a Washington
|c Governmext Printing Office
|d 1904
|
| 215 |
|
|
|a 1286 p.
|c il.
|
| 225 |
1 |
|
|a Monographs of the United States Geological Survey
|v Vol. 47
|
| 320 |
|
|
|a Index: p. 1245-1286
|
| 606 |
1 |
|
|a Метаморфизм
|2 stltpush
|3 (RuTPU)RU\TPU\subj\43404
|9 62909
|
| 610 |
1 |
|
|a геология
|
| 610 |
1 |
|
|a эндогенные процессы
|
| 610 |
1 |
|
|a классификации
|
| 610 |
1 |
|
|a температура
|
| 610 |
1 |
|
|a давление
|
| 610 |
1 |
|
|a флюиды
|
| 610 |
1 |
|
|a осадочные горные породы
|
| 610 |
1 |
|
|a магматические породы
|
| 610 |
1 |
|
|a кристаллические породы
|
| 610 |
1 |
|
|a метаморфические горные породы
|
| 610 |
1 |
|
|a геологический возраст
|
| 610 |
1 |
|
|a стратиграфия
|
| 610 |
1 |
|
|a физико-химические условия
|
| 610 |
1 |
|
|a физические свойства
|
| 610 |
1 |
|
|a химические свойства
|
| 610 |
1 |
|
|a окружающая среда
|
| 610 |
1 |
|
|a климат
|
| 610 |
1 |
|
|a грунтовые воды
|
| 610 |
1 |
|
|a газы
|
| 610 |
1 |
|
|a газообразные растворы
|
| 610 |
1 |
|
|a геологические факторы
|
| 610 |
1 |
|
|a фации
|
| 610 |
1 |
|
|a полезные ископаемые
|
| 610 |
1 |
|
|a выветривание
|
| 610 |
1 |
|
|a цементация
|
| 610 |
1 |
|
|a ископаемые животные
|
| 610 |
1 |
|
|a ископаемые растения
|
| 610 |
1 |
|
|a литосфера
|
| 610 |
1 |
|
|a химические элементы
|
| 610 |
1 |
|
|a рудные месторождения
|
| 610 |
1 |
|
|a серебряные руды
|
| 610 |
1 |
|
|a золотоносные руды
|
| 610 |
1 |
|
|a минеральные образования
|
| 610 |
1 |
|
|a геологические исследования
|
| 610 |
1 |
|
|a США
|
| 610 |
1 |
|
|a английский язык
|
| 610 |
1 |
|
|a Коллекция кафедры общей геологии
|
| 675 |
|
|
|a 551.25
|v 4
|
| 700 |
|
1 |
|a Van Hise
|b Ch. R.
|g Charles Richard
|
| 712 |
0 |
2 |
|a Department of the Interior
|
| 801 |
|
1 |
|a RU
|b 63413507
|c 20230117
|
| 801 |
|
2 |
|a RU
|b 63413507
|c 20230313
|g RCR
|
| 942 |
|
|
|c BK
|